Promotion of mental health

Αποθηκεύτηκε σε:
Λεπτομέρειες βιβλιογραφικής εγγραφής
Άλλοι συγγραφείς: Trent, Dennis R. (Επιμελητής έκδοσης), Reed, Colin A. (Επιμελητής έκδοσης)
Μορφή: Βιβλίο
Γλώσσα:English
Δημοσίευση: Aldershot : Avebury, 1995-2001
Θέματα:
Ετικέτες: Προσθήκη ετικέτας
Δεν υπάρχουν, Καταχωρήστε ετικέτα πρώτοι!

MARC

LEADER 00000nam a2200000 i 4500
001 1/87190
008 051011m19952001 eng d
020 |a 1-85972-065-X (τ.4) 
020 |a 1-85972-284-9 (τ.5) 
035 |l 10080753 
040 |a GR-MY-UA  |b gre  |e aacr 
041 0 |a eng 
082 0 |a 362.2  |2 (22) 
245 1 0 |a Promotion of mental health /  |c edited by Dennis R. Trent, Colin A. Reed 
260 |a Aldershot :   |b Avebury,   |c 1995-2001 
300 |a τ.;  |c 24 εκ. 
504 |a Περιέχει βιβλιογραφία 
650 0 0 |a Mental health promotion  |x Congresses. 
650 0 0 |a Mental health promotion  |z Great Britain  |x Congresses. 
650 0 0 |a Health promotion  |x Congresses. 
650 0 0 |a Mental health  |x Congresses. 
650 0 0 |a Mental health services  |x Congresses. 
700 1 |a Trent, Dennis R.  |4 edt 
700 1 |a Reed, Colin A.  |4 edt 
852 |a INST  |b LESVOS  |e 20051011  |h 362.2 PRO  |p 005100032783  |q 005100032783  |t BK  |y 0  |z τ.4 
852 |a INST  |b LESVOS  |e 20051011  |h 362.2 PRO  |p 005100032784  |q 005100032784  |t BK  |y 0  |z τ.5 
852 |a INST  |b LESVOS  |e 20051011  |h 362.2 PRO  |p 005100032783  |q 005100032783  |t BK  |v τ.4:  |y 0  |z τ.4 
852 |a INST  |b LESVOS  |e 20051011  |h 362.2 PRO  |p 005100032784  |q 005100032784  |t BK  |v τ.5:  |y 0  |z τ.5 
853 |a INST  |b LESVOS  |h 362.2 PRO 
901 |a BIBL1-2005-3 
909 |a Λ  |b 115679 
909 |a Λ  |b 115039 
920 |a ΔΙΕΥΡΥΝΣΗ  |b ΕΠΕΑΕΚ-ΤΚ  |y ΛΕΣΒΟΣ  |z 2004-10 
970 |a ΚΑΡΑ  |b ΓΙΑΣΕΜΗ  |z 2005/10/11